Faculty of Law Library — Cairo University

Official Online Catalog

Cours De Droit Criminel Français. (Record no. 69843)

MARC details
000 -LEADER
fixed length control field 01134nam a2200325 i 4500
003 - CONTROL NUMBER IDENTIFIER
control field EG-GICUC
005 - DATE AND TIME OF LATEST TRANSACTION
control field 20260409143840.0
008 - FIXED-LENGTH DATA ELEMENTS--GENERAL INFORMATION
fixed length control field 260409s1927 fr ||fr|||| 000 0 fre d
040 ## - CATALOGING SOURCE
Original cataloging agency EG-GiCUC
Language of cataloging fre
Transcribing agency EG-GiCUC
Modifying agency EG-GiCUC
Description conventions Rda
041 0# - LANGUAGE CODE
Language code of text/sound track or separate title fre
082 04 - DEWEY DECIMAL CLASSIFICATION NUMBER
Edition number 21
Classification number 343.044
Item number R O .C
092 04 - LOCALLY ASSIGNED DEWEY CALL NUMBER (OCLC)
Edition number 21
099 ## - LOCAL FREE-TEXT CALL NUMBER (OCLC)
Classification number Law1 10 343.044 RO .C 1927
100 1# - MAIN ENTRY--PERSONAL NAME
Personal name Roux , J.-A
Relator term Auteur
245 10 - TITLE STATEMENT
Title Cours De Droit Criminel Français.
Number of part/section of a work Tome 2,
Name of part/section of a work Procedure Penas /
Statement of responsibility, etc. Par J.-A. Roux Professeur De Droit Criminel A L'université De Strasbourg.
250 ## - EDITION STATEMENT
Edition statement Deuxième édition /
Remainder of edition statement revue et augmentée.
264 #1 - PRODUCTION, PUBLICATION, DISTRIBUTION, MANUFACTURE, AND COPYRIGHT NOTICE
Place of production, publication, distribution, manufacture Paris :
Name of producer, publisher, distributor, manufacturer Recueil Sirey ,
Date of production, publication, distribution, manufacture, or copyright notice 1927.
300 ## - PHYSICAL DESCRIPTION
Extent 531 page ;
Dimensions 24 cm.
Other physical details illustration ;
336 ## - CONTENT TYPE
Source rda contenu
Content type term texte
337 ## - MEDIA TYPE
Source rda medias
Media type term Ordinateur
338 ## - CARRIER TYPE
Source transporteur rda
Carrier type term Ressource en ligne
504 ## - BIBLIOGRAPHY, ETC. NOTE
Bibliography, etc. note Comprend des références bibliographiques.
546 ## - LANGUAGE NOTE
Language note Texte en français
650 14 - SUBJECT ADDED ENTRY--TOPICAL TERM
Topical term or geographic name entry element Droit pénal
Source of heading or term qrmak
650 14 - SUBJECT ADDED ENTRY--TOPICAL TERM
Topical term or geographic name entry element Droit pénal général
Source of heading or term qrmak
651 1# - SUBJECT ADDED ENTRY--GEOGRAPHIC NAME
Source of heading or term qrmak
856 40 - ELECTRONIC LOCATION AND ACCESS
Uniform Resource Identifier <a href="https://fll.law.cu.edu.eg/fulltext/bks/B10-09501.pdf">https://fll.law.cu.edu.eg/fulltext/bks/B10-09501.pdf</a>
905 ## - Cataloger and Reviser Names
Cataloger Name: Omar
942 ## - ADDED ENTRY ELEMENTS (KOHA)
Source of classification or shelving scheme Dewey Decimal Classification
Koha item type Books
Edition 21
Suppress in OPAC No
Holdings
Withdrawn status Lost status Source of classification or shelving scheme Damaged status Not for loan Collection Home library Current library Date acquired Total checkouts Full call number Barcode Date last seen Copy number Price effective from Koha item type
    Dewey Decimal Classification   Not for loan القانون الجنائي جــــامعة القــاهرة مكتبة كلية الحقوق - المبنى الرئيسي 09.04.2026   Law1 10 343.044 RO .C 2ed - 1927 1009501 V2, C1 B10-09501 09.04.2026 1 09.04.2026 Books
    Dewey Decimal Classification     القانون الجنائي جــــامعة القــاهرة مكتبة كلية الحقوق - المبنى الرئيسي 17.04.2026   Law1 10 343.044 RO .C 2 ed - 1927 1010036 V2, C2 B10-10036 17.04.2026 2 17.04.2026 Books
    Dewey Decimal Classification     القانون الجنائي جــــامعة القــاهرة مكتبة كلية الحقوق - المبنى الرئيسي 19.04.2026   Law2 10 343.044 RO .C 2 ed - 1927 1009492 V2, C3 B10-09492 19.04.2026 3 19.04.2026 Books

© All rights reserved — Faculty of Law, Cairo University